Sonabai : (Record no. 582295)

MARC details
000 -LEADER
fixed length control field 00430nam a2200181 a 4500
008 - FIXED-LENGTH DATA ELEMENTS--GENERAL INFORMATION
fixed length control field 250814s2009##################000#0#eng##
020 ## - INTERNATIONAL STANDARD BOOK NUMBER
ISBN 9780944142859
082 04 - DEWEY DECIMAL CLASSIFICATION NUMBER
Classification number 730.92
Item number HUY
100 1# - MAIN ENTRY--AUTHOR NAME
Personal name Huyler, Stephen P.,
245 10 - TITLE STATEMENT
Title Sonabai :
260 ## - PUBLICATION, DISTRIBUTION, ETC. (IMPRINT)
Name of publisher Mapin Publishing Pvt,
Year of publication 2009.
650 #0 - SUBJECT ADDED ENTRY--TOPICAL TERM
Topical Term Art.
942 ## - ADDED ENTRY ELEMENTS (KOHA)
Koha item type English Books
Holdings
Withdrawn status Lost status Damaged status Not for loan Home library Current library Date acquired Full call number Accession Number Price effective from Koha item type
        Anna Centenary Library Anna Centenary Library 14.08.2025 730.92 HUY 533402 14.08.2025 English Books

Find us on the map